Welcome to the Holygrace Academy Library

Please use search bar below to get started

JEEVES IN THE OFFING (Record no. 5041)

MARC details
000 -LEADER
fixed length control field 00571nam a22001457a 4500
020 ## - INTERNATIONAL STANDARD BOOK NUMBER
ISBN 9780099513940
082 ## - DEWEY DECIMAL CLASSIFICATION NUMBER
Classification number 823
Item number WOD/J
100 ## - MAIN ENTRY--AUTHOR NAME
Personal name WODEHOUSE
245 ## - TITLE STATEMENT
Title JEEVES IN THE OFFING
260 ## - PUBLICATION, DISTRIBUTION, ETC. (IMPRINT)
Place of publication LONDON
Name of publisher ARROW BOOKS
Year of publication 2008
300 ## - PHYSICAL DESCRIPTION
Number of Pages 200
520 ## - SUMMARY, ETC.
Summary, etc An old friend Bertie went to preparatory school with, Reginald "Kipper" Herring, is staying with Bertie for a week. Bertie eagerly accepts an invitation from his aunt, Aunt Dahlia, to her home, Brinkley Court, since Jeeves is about to go to Herne Bay on holiday.
650 ## - SUBJECT ADDED ENTRY--TOPICAL TERM
Topical Term NOVEL
Geographic subdivision UNITED KINGDOM
942 ## - ADDED ENTRY ELEMENTS (KOHA)
Koha item type Books
Holdings
Withdrawn status Lost status Collection code Home library Current library Shelving location Date acquired Source of acquisition Cost, normal purchase price Full call number Accession Number Koha item type
    Fiction Main Library Main Library SHELF 15B-U,V,W SECTION NOVELS& FICTION 18/10/2018 purchase 295.00 823 WOD/J 10294 Books